Statystyki dla Miasta województwa wielkopolskiego A-Z

Kliknij tutaj aby rozwiązać quiz!

Ogólne statystyki

  • Ten quiz został rozwiązany 28 razy
  • Średni wynik to 14 z 26

Statystyki odpowiedzi

HintOdpowiedź% Poprawnych
KKaczory | Kalisz | Kępno | +17
96%
PPiła | Pleszew | Pniewy | +6
96%
GGniezno | Golina | Gołańcz | +3
92%
OOborniki | Obrzycko | Odolanów | +7
84%
ŚŚlesin | Śmigiel | Śrem | +1
84%
TTrzcianka | Trzemeszno | Tuliszków | +1
80%
WWągrowiec | Wieleń | Wielichowo | +6
80%
LLeszno | Luboń | Lwówek
76%
JJaraczewo | Jarocin | Jastrowie | +1
72%
MMargonin | Miasteczko Krajeńskie | Miejska Górka | +6
72%
SSieraków | Skoki | Słupca | +7
72%
CChocz | Chodzież | Czarnków | +2
68%
RRakoniewice | Raszków | Rawicz | +4
68%
ZZagórów | Zbąszyń | Zduny | +1
64%
NNekla | Nowe Skalmierzyce | Nowy Tomyśl
56%
BBojanowo | Borek Wielkopolski | Budzyń | +1
48%
DDąbie | Dobra | Dobrzyca | +1
36%
UUjście
28%
H--
20%
I--
20%
F--
20%
E--
20%
Ć---
20%
A---
20%
ŁŁobżenica
20%
ŻŻerków
16%

Rozkład punktacji

Percentyl według liczby udzielonych odpowiedzi

Procent ludzi z każdym wynikiem

Twoja historia wyników

Nie rozwiązałeś tego quizu